000 01380cam a2200337 a 4500
001 twistedstar00loci
003 CaSfIA
005 20210119104600.0
007 cr||||
008 920228s1992 vau 000 1 eng
010 _a 92070490
040 _aDLC
_cDLC
_dOCL
_dBAKER
_dBTCTA
_dYDXCP
_dCaSfIA
020 _a1880664003 :
_c$14.95
020 _a9781880664001
035 _a(OCoLC)25548201
050 0 0 _aPS3562.O277
_bT9 1992
082 0 0 _a813/.54
_220
100 1 _aLoCicero, Donald.
245 1 4 _aThe twisted star /
_h[electronic resource]
_cby Don LoCicero.
250 _a1st ed.
260 _aHaymarket, Va. :
_bE.M. Press,
_cc1992.
300 _a299 p. ;
_c21 cm.
650 0 _aHolocaust, Jewish (1939-1945)
_vFiction.
655 7 _aHistorical fiction.
_2gsafd
655 7 _aJewish fiction.
_2lcsh
856 4 1 _uhttp://www.archive.org/details/twistedstar00loci
_zFree eBook from the Internet Archive
856 4 2 _uhttp://www.openlibrary.org/books/OL1748882M
_zAdditional information and access via Open Library
942 _cEB
506 _fНеобхідна авторизація на https://archive.org/ (створення облікового запису безкоштовно)
506 _fНеобхідна авторизація на https://openlibrary.org/ (створення облікового запису безкоштовно)
999 _c560281
_d560281